000 00721nam a2200289Ia 4500
005 20260324132435.0
008 008 260324s9999 xx 000 0 eng d
020 _a9780203486702
037 _aEBOOK
040 _aCRL
040 _beng
040 _cCRL
041 _2eng
041 _aeng
084 _qCRL
100 _aZerka Moreno; John Casson
_91189285
245 0 _aDrama, Psychotherapy and Psychosis
245 0 _bDramatherapy and Psychodrama with People Who Hear Voices
260 _bTaylor and Francis
260 _c2004
365 _a
365 _b195
856 _uhttp://www.taylorfrancis.com/books/9780203486702
942 _cEBOOK
999 _c1787415
_d1787415